Dance Fever Songs - Florence and the Machine - Statistics

General Stats
  • This quiz has been taken 17 times
  • The average score is 14 of 15
Answer Stats
No. Song % Correct
10 Daffodil
100%
2 Free
100%
1 King
100%
13 The Bomb
100%
4 Back In Town
94%
3 Choreomania
94%
15 Morning Elvis
94%
11 My Love
94%
12 Restraint
94%
8 Cassandra
88%
6 Dream Girl Evil
88%
5 Girls Against God
88%
9 Heaven Is Here
88%
14 Mermaids
88%
7 Prayer Factory
81%
No matching quizzes found
Score Distribution
Percent of People with Each Score
Percentile by Number Answered
Your Score History
You have not taken this quiz